Escuela y conectividad: propuesta didácticas para incluir las nuevas tecnologías en el aula
Na minha lista:
| Autor principal: | |
|---|---|
| Formato: | Livro |
| Idioma: | espanhol |
| Publicado em: |
Buenos Aires
Bonum
2015
|
| Edição: | 1a. ed |
| Assuntos: | |
| Tags: |
Adicionar Tag
Sem tags, seja o primeiro a adicionar uma tag!
|
MARC
| LEADER | 00000cam a2200000 a 4500 | ||
|---|---|---|---|
| 001 | UCE7651 | ||
| 003 | CL-VaPUC | ||
| 008 | 150626e20150000ag |||||||||||||||||spa|d | ||
| 020 | |a 9789876671408 | ||
| 082 | 0 | 4 | |a 371.3 |b MOS |2 21 |
| 100 | |a Mosches de Kosiner, Mirta |e autora |9 461808 | ||
| 245 | 1 | 0 | |a Escuela y conectividad: propuesta didácticas para incluir las nuevas tecnologías en el aula |
| 250 | |a 1a. ed | ||
| 300 | |a 112 p | ||
| 942 | |c BK | ||
| 945 | |d 20150626 15:30:00 |a gsalatino | ||
| 260 | |a Buenos Aires |b Bonum |c 2015 | ||
| 650 | 0 | |a Métodos de enseñanza |9 270413 | |
| 650 | 0 | |a Tecnología educacional |9 307265 | |
| 583 | |a last modification |c 20160914 01:15:15 |k Rodrigo Vera | ||
| 999 | |c 359702 |d 359700 | ||
| 952 | |0 0 |1 0 |3 erb |4 0 |6 371_300000000000000_MOS_2015 |7 0 |8 A |9 469099 |a BIBTEO |b BIBTEO |i 5165652 |o 371.3 MOS 2015 |p 5165652 |r 2025-01-17 |w 2019-11-23 |y BK |z Catalogado en:20150626 |k ICR | ||